000 00576nam a2200193Ia 4500
005 20250508160739.0
008 008 250505s9999 xx 000 0 eng d
037 _aTextual
040 _aFEDL
_beng
_cFEDL
041 _aeng
_2eng
084 _a371.3, OLS
_qFEDL
100 _aOlson Lynn
_9769273
245 0 _aClassrom-tested techniques for elementary teachers
260 _aNew York, USA
_bThe Center for Applied Research in Education
_c1971
300 _a224p.
650 _aTeaching Technique
942 _cTEXL
_h371.3, OLS
999 _c1366382
_d1366382